Central Library || Chittagong University

Financial services for the poorest : (Record no. 81433)

MARC details
000 -LEADER
fixed length control field 00516nam a2200217 454500
001 - CONTROL NUMBER
control field 081433
003 - CONTROL NUMBER IDENTIFIER
control field BD-ChCU
008 - FIXED-LENGTH DATA ELEMENTS--GENERAL INFORMATION
fixed length control field Eng
020 ## - INTERNATIONAL STANDARD BOOK NUMBER
International Standard Book Number 9840802674
040 ## - CATALOGING SOURCE
Original cataloging agency DLC
Transcribing agency DLC
Modifying agency BD-ChCU
082 00 - DEWEY DECIMAL CLASSIFICATION NUMBER
Classification number 305.569/K11f
100 1# - MAIN ENTRY--PERSONAL NAME
Personal name Kabir, Ikhtiar, Jahan
Numeration x
245 10 - TITLE STATEMENT
Title Financial services for the poorest :
Remainder of title towards comprehensiveness
250 ## - EDITION STATEMENT
Edition statement x
260 ## - PUBLICATION, DISTRIBUTION, ETC.
Place of publication, distribution, etc. Dhaka
Name of publisher, distributor, etc. Academic Press
Date of publication, distribution, etc. 2011
300 ## - PHYSICAL DESCRIPTION
Extent XXXIV, 226
504 ## - BIBLIOGRAPHY, ETC. NOTE
Bibliography, etc. note
650 #0 - SUBJECT ADDED ENTRY--TOPICAL TERM
Topical term or geographic name entry element Poor man
Topical term following geographic name entry element Poverty
700 1# - ADDED ENTRY--PERSONAL NAME
Personal name x
942 ## - ADDED ENTRY ELEMENTS (KOHA)
Source of classification or shelving scheme Dewey Decimal Classification
Koha item type Books
Holdings
Withdrawn status Lost status Source of classification or shelving scheme Materials specified (bound volume or other part) Damaged status Not for loan Home library Current library Shelving location Date acquired Source of acquisition Total Checkouts Full call number Barcode Date last seen Copy number Price effective from Koha item type Public note
    Dewey Decimal Classification 05.569/K11f     Chittagong University Library Chittagong University Library General Stacks 06/14/2015 purchese   305.569/K11f 291888 09/13/2015 1 09/13/2015 Books x
© Copyright 2026. Chittagong University Library, Installation and Maintenance by Prof. Dr. Md. Alamgir, 01711306253